[Event "10th Praha Open A"]
[Site "Prague CZE"]
[Date "2011.01.14"]
[Round "9"]
[White "Jirka,J"]
[Black "Zivanic,M"]
[Result "0-1"]
[WhiteElo "2424"]
[BlackElo "2489"]

1.d4 d5 2.Nf3 Nf6 3.g3 c6 4.c4 Bf5 5.Nc3 e6 6.Nh4 dxc4 7.Nxf5 exf5 8.f3 Bb4
9.Bh3 g6 10.O-O c5 11.Qa4+ Nbd7 12.e4 O-O 13.d5 Re8 14.Bg5 Kg7 15.exf5 h6
16.Bxf6+ Nxf6 17.fxg6 Re3 18.gxf7 Bxc3 19.bxc3 Qxd5 20.Rad1 Qxf7 21.Qc2 Rae8
22.Rd2 Nd5 23.Rfd1 Qxf3 24.Rf1 Re1 25.Rf2 Rxf1+ 26.Bxf1 Qe4 27.Qd2 Re7 28.Re2 Ne3
29.Qe1 Re5 30.Bg2 Nxg2 31.Rxe4 Nxe1  0-1

[Event "B2 Masters"]
[Site "Marianske Lazne CZE"]
[Date "2011.01.15"]
[Round "1"]
[White "Donchenko,Alexa"]
[Black "Mufic,Go"]
[Result "1/2-1/2"]
[WhiteElo "2217"]
[BlackElo "2310"]

1.Nf3 d5 2.d4 c6 3.c4 Nf6 4.Qc2 g6 5.cxd5 cxd5 6.Nc3 Nc6 7.Bf4 Bg7 8.e4 O-O
9.Be2 Bf5 10.Qb3 Na5 11.Qb4 Nh5 12.Be5 f6 13.Bg3 Nxg3 14.hxg3 Be6 15.Rc1 a6
16.Na4 Bf7 17.O-O b5 18.Nc5 Nc6 19.Qd2 Qd6 20.a4 bxa4 21.Bxa6 Rfb8 22.Ra1 Nb4
23.Be2 Be8 24.Bd1 e5 25.Bxa4 Bxa4 26.Rxa4 Rxa4 27.Nxa4 dxe4 28.Ne1 Qc6 29.Nc5 Bf8
30.Nc2 Bxc5 31.dxc5 Qxc5 32.Nxb4 Rxb4 33.Rc1 Rc4 34.Rd1 Rc2 35.Qd5+ Qxd5
36.Rxd5 Rxb2 37.g4 Rb7 38.Rd6 Kf7 39.Kh2 Re7 40.Kg3 g5 41.Kh2 Re6 42.Rd7+ Kg6
43.Ra7  1/2-1/2

[Event "TCh-SWE Elitserien 2010-11"]
[Site "Sweden SWE"]
[Date "2011.01.15"]
[Round "6"]
[White "Hjelm,N"]
[Black "Engqvist,T"]
[Result "0-1"]
[WhiteElo "2334"]
[BlackElo "2368"]

1.d4 d5 2.Nf3 Nf6 3.c4 c6 4.Qb3 e6 5.g3 a5 6.Bg2 Ne4 7.O-O Be7 8.Nc3 O-O
9.Bf4 f5 10.Rad1 b6 11.Bxb8 Rxb8 12.Ne5 Qe8 13.cxd5 exd5 14.Nxc6 Qxc6 15.Nxd5 Kf7
16.f3 Nf6 17.Nb4+ Qe6 18.d5 Bc5+ 19.Kh1 Qe3 20.Nd3 Bd6 21.f4 Kg8 22.Rf3 Qe8
23.Ne5 Bxe5 24.fxe5 Qxe5 25.Re3 Qd6 26.Rc3 Ng4 27.Rc6 Qb4 28.Qxb4 axb4 29.Rd4 Re8
30.Bf3 Ne5 31.Rc7 Nxf3 32.exf3 Bb7 33.Kg2 Rec8 34.d6 Rxc7 35.dxc7 Rc8 36.Rd7 h6
37.Kf2 Kh7 38.Ke3 Kg6 39.Kd4 Kf6 40.f4 b3 41.axb3 g5 42.Rd6+ Ke7 43.Rxh6 gxf4
44.gxf4 Rxc7 45.Rh7+ Kd8 46.Rh8+ Kd7 47.Rh7+ Kc6 48.Rxc7+ Kxc7 49.Ke5 Be4
50.Ke6 Kd8 51.Kf7 Bf3 52.h4 Bg4 53.Kf8 Bh5 54.Kg7 Ke7 55.Kh6 Bg4 56.Kg7 Bd1
57.Kg6 Bxb3 58.Kxf5  0-1

[Event "TCh-SVK Extraliga 2010-11"]
[Site "Prievidza CZE"]
[Date "2011.01.16"]
[Round "4.1"]
[White "Petrik,T"]
[Black "Michalik,P"]
[Result "1-0"]
[WhiteElo "2536"]
[BlackElo "2471"]

1.d4 d5 2.c4 c6 3.Nf3 dxc4 4.e3 Be6 5.Qc2 Nf6 6.Bxc4 Bxc4 7.Qxc4 Qa5+ 8.Nbd2 e6
9.O-O Be7 10.b3 O-O 11.Bb2 Rd8 12.e4 Nbd7 13.Qe2 Nf8 14.Ne5 Bb4 15.Ndc4 Qa6
16.Nd3 Be7 17.Nc5 Bxc5 18.dxc5 Ne8 19.f4 b5 20.cxb6 axb6 21.f5 exf5 22.Rxf5 Nd6
23.Qg4 Ng6 24.Nxd6 Rxd6 25.Raf1 Qxa2 26.Bxg7 Kxg7 27.Rxf7+ Kg8 28.e5 Rd2
29.Qh3 h5 30.Qxh5 Rxg2+ 31.Kh1 Rxh2+ 32.Qxh2 Qxh2+ 33.Kxh2 Nxe5 34.Re7 Ra5
35.Rd1 Nf7 36.Rb7 Rh5+ 37.Kg3 b5 38.Kf4 Rh4+ 39.Kf5 Rh3 40.Rdd7 Rf3+ 41.Ke4 Ng5+
42.Ke5  1-0

[Event "ch-BLR w"]
[Site "Minsk BLR"]
[Date "2011.01.18"]
[Round "3.3"]
[White "Sharevich,A"]
[Black "Ziaziulkina,N"]
[Result "1/2-1/2"]
[WhiteElo "2332"]
[BlackElo "2301"]

1.d4 d5 2.c4 c6 3.Nf3 Nf6 4.Qb3 dxc4 5.Qxc4 Bf5 6.g3 e6 7.Bg2 Be7 8.O-O Nbd7
9.e3 O-O 10.Rd1 e5 11.Nc3 Be6 12.Qe2 Qc7 13.h3 Rfe8 14.e4 exd4 15.Nxd4 Bb4
16.Be3 Nc5 17.Nxe6 Rxe6 18.Qc4 Qa5 19.f3 Rae8 20.a3 Bxc3 21.Qxc5 Qxc5 22.Bxc5 Be5
23.f4 Bb8 24.e5 Nh5 25.Bf2 g5 26.Bf3 Ng7 27.Bg4 gxf4 28.gxf4 Rg6 29.Kh1 Rh6
30.Rd7 b6 31.Rad1 Ne6 32.f5 Nf8 33.Rb7 Bxe5 34.Be3 Rd6 35.Rg1 Bxb2 36.Bh5+ Ng6
37.Bf4 Rf6 38.fxg6 hxg6 39.Bh2 Bxa3 40.Bg4 Bc5 41.Rd1 a5 42.Ra7 Bb4 43.Bg1 b5
44.Bd7 Rd8 45.Bb6 Rf8 46.Bxa5 Bxa5 47.Rxa5 Rd8 48.Ra7 Re6 49.Raa1 Re3 50.Bxc6 Rxd1+
51.Rxd1 Rxh3+ 52.Kg2 Rb3 53.Rd7 Rb4  1/2-1/2

[Event "3rd Chennai Open"]
[Site "Chennai IND"]
[Date "2011.01.21"]
[Round "6"]
[White "Shetty,R"]
[Black "Debashis,D"]
[Result "0-1"]
[WhiteElo "2284"]
[BlackElo "2406"]

1.d4 Nf6 2.Nf3 d5 3.c4 c6 4.Qc2 g6 5.Bf4 dxc4 6.Qxc4 Bg7 7.Nc3 O-O 8.e4 Bg4
9.Be2 Nfd7 10.Rd1 Nb6 11.Qd3 N8d7 12.O-O Qe8 13.h3 Bxf3 14.Qxf3 e5 15.Be3 exd4
16.Bxd4 Qe7 17.Bxg7 Kxg7 18.Qe3 Rad8 19.f4 Rfe8 20.Rd4 Nf8 21.Rxd8 Rxd8 22.e5 Ne6
23.Kh1 Nd4 24.Bd3 Kh8 25.f5 gxf5 26.g4 Nd7 27.e6 Nxe6 28.gxf5 Qc5 29.Qh6 Qf8
30.Qh4 Nec5 31.Bc2 f6 32.b4 Na6 33.a3 Nc7 34.Bb3 Ne8 35.Ne4 Ng7 36.Be6 Nxe6
37.fxe6 Ne5 38.Qxf6+ Qxf6 39.Nxf6 Ng6 40.h4 Rf8 41.h5 Ne7 42.Kg2 Kg7 43.Ng4 Rxf1
44.Kxf1 Nd5 45.Kf2 Nc7 46.Ke3 Nxe6 47.Ke4 Nc7 48.Ke5 Nb5 49.Ke6 Nxa3 50.Kd7 Nc2
51.Kc7 Nxb4 52.Kxb7 a5 53.Ne5 a4 54.Nc4  0-1

[Event "3rd Chennai Open"]
[Site "Chennai IND"]
[Date "2011.01.24"]
[Round "9"]
[White "Thejkumar,M"]
[Black "Abu Sufian,S"]
[Result "1-0"]
[WhiteElo "2457"]
[BlackElo "2358"]

1.d4 d5 2.Nf3 Nf6 3.c4 c6 4.Qc2 dxc4 5.e4 b5 6.b3 Qa5+ 7.Bd2 cxb3 8.Qxb3 Qb6
9.Nc3 e6 10.Bd3 Be7 11.O-O Nbd7 12.Rab1 a6 13.Qc2 h6 14.Rb3 O-O 15.e5 Nd5
16.Nxd5 cxd5 17.Qc1 f5 18.exf6 Rxf6 19.Ne5 Bd6 20.Ng4 Rf5 21.Bxf5 exf5 22.Nxh6+ gxh6
23.Bxh6 Qd8 24.Qc6 Nb6 25.Re1 Kf7 26.Bg5 Qxg5 27.Qxd6 Qf6 28.Qc7+ Bd7 29.Rh3 Rc8
30.Qf4 Rg8 31.Rh7+ Rg7 32.Rxg7+ Kxg7 33.Re3 Nc4 34.Rg3+ Kf7 35.h4 Nd6 36.f3 Be8
37.h5 Ke7 38.h6 Nf7 39.h7 Bd7 40.Rg8 b4 41.g3 a5 42.Qh4 Be6 43.Rg7 Qxh4 44.gxh4  1-0

[Event "ch-AZE"]
[Site "Baku AZE"]
[Date "2011.01.29"]
[Round "9.4"]
[White "Mirzoev,A"]
[Black "Durarbeyli,V"]
[Result "1-0"]
[WhiteElo "2563"]
[BlackElo "2504"]

1.d4 d5 2.c4 c6 3.Nf3 Nf6 4.Qc2 dxc4 5.Qxc4 Bf5 6.g3 e6 7.Bg2 Nbd7 8.O-O Nb6
9.Qb3 Qd5 10.Nbd2 Be7 11.e3 h6 12.Ne5 Qxb3 13.Nxb3 Nfd7 14.Nxd7 Nxd7 15.e4 Bh7
16.Be3 Nf6 17.f3 O-O-O 18.Rac1 Ne8 19.Rfd1 Nc7 20.Nc5 Kb8 21.b4 g5 22.a4 a6
23.Bf2 Bf6 24.Bf1 Bg7 25.Rb1 Bf8 26.Rdc1 g4 27.b5 cxb5 28.axb5 a5 29.b6 Na8
30.fxg4 Rg8 31.h3 Bxc5 32.dxc5 Bxe4 33.Ra1 Rc8 34.Re1  1-0

[Event "Moscow Open E"]
[Site "Moscow RUS"]
[Date "2011.01.29"]
[Round "1"]
[White "Burmakin,V"]
[Black "Gorshkov,An"]
[Result "1-0"]
[WhiteElo "2603"]
[BlackElo "2064"]

1.d4 Nf6 2.Nf3 c6 3.c4 d5 4.Qb3 Qb6 5.Nc3 Qxb3 6.axb3 e6 7.c5 Nbd7 8.b4 b5
9.Bf4 Bb7 10.h3 a6 11.Nd2 Be7 12.Nb3 Bd8 13.Bd6 Ne4 14.Nxe4 dxe4 15.g4 h5
16.Bg2 hxg4 17.hxg4 Rxh1+ 18.Bxh1 f5 19.f3 exf3 20.Bxf3 Nf6 21.gxf5 exf5
22.Kd2 Kf7 23.Be5 Nd7 24.Bd6 Nf6 25.e3 g5 26.Be5 g4 27.Bg2 Nh5 28.d5 cxd5
29.Nd4 Nf6 30.Nxf5 Ke6 31.Nd4+ Kxe5 32.Rf1 Bc8 33.Nc6+ Ke6 34.Nxd8+ Ke7 35.Nc6+ Ke6
36.Rh1 Bd7 37.Nd4+ Ke7 38.Kd3 Rf8 39.Ne2 Bf5+ 40.Kd4 Be4 41.Nf4 Rd8 42.Rh6 Kf7
43.Bxe4 dxe4+ 44.Ke5 Re8+ 45.Kf5  1-0

[Event "Moscow Open E"]
[Site "Moscow RUS"]
[Date "2011.01.29"]
[Round "1"]
[White "Maletin,P"]
[Black "Otirba,Daut"]
[Result "1-0"]
[WhiteElo "2621"]
[BlackElo "2069"]

1.d4 d5 2.c4 c6 3.Nf3 Nf6 4.Qc2 e6 5.g3 Nbd7 6.Bg2 Bd6 7.O-O b6 8.Rd1 Qc7
9.Nc3 Ba6 10.b3 Rc8 11.e4 dxe4 12.Ng5 O-O 13.Ngxe4 Nxe4 14.Nxe4 Bb7 15.c5 bxc5
16.Nxd6 Qxd6 17.dxc5 Qe7 18.Bb2 Rfd8 19.Qc3 Nf6 20.Qa5 Nd5 21.Be5 Ra8 22.Rd2 Bc8
23.Re1 Bd7 24.h4 Re8 25.Qa3 a5 26.Qc1 Ra7 27.Rd4 f6 28.Bd6 Qf7 29.f4 Qg6
30.Kh2 Qh5 31.Rde4 h6 32.Qd2 g5 33.fxg5 hxg5 34.Kg1 f5 35.g4 fxg4 36.Re5  1-0

[Event "33rd Bulgarian Open"]
[Site "Plovdiv BUL"]
[Date "2011.01.30"]
[Round "1.17"]
[White "Arnaudov,G"]
[Black "Drakaki,A"]
[Result "1-0"]
[WhiteElo "2489"]
[BlackElo "1718"]

1.Nf3 d5 2.d4 Nf6 3.c4 c6 4.Qc2 g6 5.Bf4 Bg7 6.e3 O-O 7.Nc3 Qb6 8.cxd5 cxd5
9.Bd3 Nc6 10.a3 Bd7 11.O-O Rfc8 12.Na4 Qd8 13.Nc5  1-0

[Event "Moscow Open E"]
[Site "Moscow RUS"]
[Date "2011.02.02"]
[Round "5"]
[White "Grigoryan,K2"]
[Black "Volkov,Sergey1"]
[Result "1-0"]
[WhiteElo "2454"]
[BlackElo "2602"]

1.d4 d5 2.c4 c6 3.Nf3 Nf6 4.Qc2 g6 5.Bf4 dxc4 6.Qxc4 Bg7 7.e3 O-O 8.Be2 Nbd7
9.h3 c5 10.O-O Qa5 11.Nc3 cxd4 12.b4 Qa3 13.Nb5 Qa4 14.Nc7 Nb6 15.Qb3 dxe3
16.Qxa4 exf2+ 17.Rxf2 Nxa4 18.Nxa8 Nd5 19.Be5 Bxe5 20.Nxe5 Be6 21.Nf3 f6
22.Re1 Rxa8 23.Bc4 Nab6 24.Bxd5 Bxd5 25.Rxe7 a5 26.Nd4 f5 27.bxa5 Nc4 28.Rfe2 Be4
29.Ne6 Nxa5 30.Rd2 Bc6 31.Rd8+ Rxd8 32.Nxd8 Be4 33.Kf2 b5 34.Re5 Bd3 35.Rc5 Bc4
36.a4 Nb3 37.Rc7 Kh8 38.Nb7 Nd2 39.a5 b4 40.Ke1  1-0

[Event "33rd Bulgarian Open"]
[Site "Plovdiv BUL"]
[Date "2011.02.02"]
[Round "5.10"]
[White "Pantev,V"]
[Black "Drenchev,P"]
[Result "0-1"]
[WhiteElo "2387"]
[BlackElo "2521"]

1.d4 d5 2.Nf3 c6 3.c4 dxc4 4.e3 Be6 5.a4 Nf6 6.Na3 c5 7.Bxc4 Bxc4 8.Nxc4 Nc6
9.O-O cxd4 10.exd4 e6 11.Qb3 Bb4 12.Bg5 Qd5 13.Nfe5 Be7 14.Nxc6 Qxc6 15.Bxf6 Bxf6
16.d5 Qxd5 17.Rfd1 Bd4 18.Rxd4 Qxd4 19.Rd1 Qf6 20.Qb5+ Kf8 21.Qxb7 Rd8 22.Rxd8+ Qxd8
23.h3 g6 24.Qxa7 Kg7 25.a5 Re8 26.b4 Qf6 27.Qc5 Rd8 28.Qe5 Rd1+ 29.Kh2 Rb1
30.Qd6 Qxf2 31.Nd2 Rb2 32.Qe5+ Qf6 33.Qe4 Rxd2 34.b5 Rd4  0-1

[Event "Gibraltar Masters"]
[Site "Caleta ENG"]
[Date "2011.02.03"]
[Round "10.64"]
[White "Suez Panama,G"]
[Black "Sarkar,J"]
[Result "1/2-1/2"]
[WhiteElo "2096"]
[BlackElo "2418"]

1.d4 d5 2.Nf3 Nf6 3.c4 c6 4.g3 dxc4 5.Bg2 b5 6.Ne5 Bb7 7.a4 a6 8.axb5 axb5
9.Rxa8 Bxa8 10.O-O e6 11.Nc3 Nd5 12.Bxd5 exd5 13.e4 Bb4 14.exd5 O-O 15.Qg4 Kh8
16.Qf3 f6 17.Nxc6 Nxc6 18.dxc6 Qxd4 19.Be3 Qd6 20.Nxb5 Qxc6 21.Qxc6 Bxc6
22.Nd4 Be4 23.f3 Bd3 24.Ra1 c3 25.bxc3 Bxc3 26.Ra3 Bxd4 27.Rxd3 Bxe3+ 28.Rxe3 Kg8
29.Re7 Rf7 30.Re8+ Rf8  1/2-1/2

[Event "ch-TUR"]
[Site "Kemer-Antalya TUR"]
[Date "2011.02.08"]
[Round "5.11"]
[White "Haznedaroglu,K"]
[Black "Simsek,C"]
[Result "0-1"]
[WhiteElo "2456"]
[BlackElo "2042"]

1.d4 d5 2.Nf3 Nf6 3.c4 c6 4.Nbd2 g6 5.e3 Bg7 6.Bd3 Bf5 7.Bxf5 gxf5 8.Qc2 e6
9.b3 O-O 10.h3 Na6 11.Bb2 Ne4 12.a3 Rc8 13.g4 Re8 14.Rg1 Nxd2 15.Nxd2 f4
16.c5 fxe3 17.fxe3 Qh4+ 18.Ke2 e5 19.dxe5 Qe7 20.b4 Bxe5 21.Bxe5 Qxe5 22.Qb3 Qh2+
23.Kd3 Qxh3 24.Rae1 d4 25.Ne4 Re6 26.Rgf1 Rd8 27.Kc2 Qg2+ 28.Nd2 dxe3  0-1

[Event "75th ch-BUL Semi-Final"]
[Site "Plovdiv BUL"]
[Date "2011.02.10"]
[Round "5"]
[White "Ivanov,Bor BUL"]
[Black "Dereshki,D"]
[Result "1-0"]
[WhiteElo "2201"]
[BlackElo "1917"]

1.d4 d5 2.c4 c6 3.Nf3 Nf6 4.Qc2 e6 5.Nbd2 Nbd7 6.g3 Bd6 7.Bg2 O-O 8.O-O Re8
9.b3 e5 10.cxd5 cxd5 11.dxe5 Nxe5 12.Bb2 Nc6 13.e3 Nb4 14.Qb1 Ne4 15.a3 Bf5
16.axb4 Nxg3 17.Qd1 Nxf1 18.Nxf1 Be4 19.Qd4 f6 20.Rxa7 Be5 21.Nxe5 fxe5 22.Rxa8 Qxa8
23.Qd2 Bxg2 24.Kxg2 b5 25.Kg1 Qc6 26.Ng3 g6 27.Qc3 Qxc3 28.Bxc3 Kf7 29.Ne2 Ke6
30.f4 exf4 31.Nxf4+ Kd6 32.Bd4 Ra8 33.Kf2 Ra3 34.Kf3 Rxb3 35.Bc5+ Ke5 36.Ne2 h5
37.Nd4 Rb2 38.h3 Kf6 39.Nxb5 Rb3 40.Nd4 Rc3 41.Ne2 Rb3 42.Nf4 Rd3 43.Ke2 Rb3
44.Kf3 g5 45.Nxd5+ Ke5 46.Nc3 Kf5 47.Ne2 Rb1 48.Nd4+ Ke5 49.b5 Kd5 50.Be7 Rh1
51.Kg2 Re1 52.Bxg5 Kc5 53.Kg3  1-0

[Event "75th ch-BUL Semi-Final"]
[Site "Plovdiv BUL"]
[Date "2011.02.10"]
[Round "6"]
[White "Arnaudov,G"]
[Black "Ivanov,Bor BUL"]
[Result "1-0"]
[WhiteElo "2489"]
[BlackElo "2201"]

1.d4 d5 2.c4 c6 3.Nf3 Nf6 4.Qc2 g6 5.Bf4 Bg7 6.e3 O-O 7.Nc3 c5 8.Rd1 Qa5
9.Qb3 cxd4 10.exd4 dxc4 11.Bxc4 Nc6 12.d5 Nb4 13.O-O Na6 14.d6 e6 15.Be5 Nc5
16.Qc2 Bd7 17.a3 Na6 18.Qe2 Nb8 19.b4 Qd8 20.b5 Bc8 21.Na2 Nbd7 22.Bg3 Nb6
23.Bb3 Nbd5 24.Be5 Bd7 25.a4 a6 26.Qb2 axb5 27.Bxd5 exd5 28.axb5 Ra5 29.Nc3 Ne8
30.Bxg7 Nxg7 31.Rxd5 Qf6 32.Qb4 Rfa8 33.Rdd1 Ne6 34.Nd5 Qg7 35.Nc7 Nxc7 36.dxc7 Rxb5
37.Qe7  1-0

[Event "ch-TUR"]
[Site "Kemer-Antalya TUR"]
[Date "2011.02.11"]
[Round "8.6"]
[White "Ozturk,Ku"]
[Black "Demiralp,M"]
[Result "1-0"]
[WhiteElo "2266"]
[BlackElo "2083"]

1.d4 d5 2.Nf3 Nf6 3.c4 c6 4.Nbd2 g6 5.e3 Bg7 6.Be2 O-O 7.O-O Na6 8.b3 c5
9.Bb2 cxd4 10.Bxd4 Nb4 11.cxd5 Nfxd5 12.Bxg7 Kxg7 13.Qc1 Nf6 14.a3 Nbd5 15.Qb2 Be6
16.Rfd1 Qa5 17.b4 Qa4 18.Nd4 Bd7 19.N2b3 b6 20.e4 Nf4 21.e5 Ne4 22.e6 Kg8
23.exd7 Qxd7  1-0

[Event "75th ch-BUL Semi-Final"]
[Site "Plovdiv BUL"]
[Date "2011.02.11"]
[Round "7"]
[White "Ivanov,Lj"]
[Black "Asparuhov,P"]
[Result "1/2-1/2"]
[WhiteElo "1964"]
[BlackElo "2068"]

1.d4 d5 2.c4 c6 3.Nf3 Nf6 4.Qc2 g6 5.g3 Bg7 6.Bg2 O-O 7.O-O a6 8.c5 Nbd7
9.Nc3 h6 10.Re1 Re8 11.e4 dxe4 12.Nxe4 Nxe4 13.Rxe4 Nf6 14.Re1 Bf5 15.Qb3 Qc8
16.Nh4 Be6 17.Rxe6 Qxe6 18.Qxe6 fxe6 19.Nxg6 Nd5 20.Ne5 Red8 21.Bh3 Nc7 22.Be3 Bxe5
23.dxe5 Kg7 24.Rc1 h5 25.Rc4 Nd5 26.Bg5 Kf7 27.Rh4 Rh8 28.Bf1 Rag8 29.f4 Rd8
30.Be2 Kg6 31.Bd3+ Kf7 32.Be2 Kg6 33.Bd3+ Kf7  1/2-1/2

[Event "TCh-NED"]
[Site "Netherlands NED"]
[Date "2011.02.12"]
[Round "6.7"]
[White "Levin,F"]
[Black "Fiebig,T"]
[Result "1/2-1/2"]
[WhiteElo "2482"]
[BlackElo "2453"]

1.d4 d5 2.c4 c6 3.Nf3 Nf6 4.Qb3 e6 5.g3 Nbd7 6.Bg2 Bd6 7.O-O O-O 8.Bf4 Qc7
9.Bxd6 Qxd6 10.Nc3 dxc4 11.Qxc4 e5 12.Rfd1 Qe7 13.e4 Nb6 14.Qc5 Qxc5 15.dxc5 Nbd7
16.b4 a5 17.a3 Re8 18.Nd2 b6 19.cxb6 Nxb6 20.Nb3 axb4 21.axb4 Rxa1 22.Rxa1 Bd7
23.Nc5 Rb8 24.Bf1 Be8 25.f3 Nfd7 26.Na6 Rc8 27.Rc1 Kf8 28.Nb1 f6 29.Nd2 Bf7
30.Kf2 Ke7 31.f4 Kd6 32.Nf3 Ra8 33.Rd1+ Ke7 34.Rc1 Kd6 35.Rd1+  1/2-1/2

[Event "ch-ROU Men"]
[Site "Sarata Monteoru ROU"]
[Date "2011.02.13"]
[Round "2.10"]
[White "Cioara,A"]
[Black "Prundeanu,H"]
[Result "1-0"]
[WhiteElo "2427"]
[BlackElo "2194"]

1.d4 d5 2.c4 c6 3.Nf3 Nf6 4.g3 Bf5 5.Nc3 e6 6.Bg2 Be7 7.O-O O-O 8.b3 h6 9.Bb2 Nbd7
10.Ne5 Rc8 11.e3 a6 12.Qe2 b5 13.Rfd1 bxc4 14.bxc4 Bb4 15.a3 Bd6 16.Nxd7 Nxd7
17.c5 Bb8 18.Qxa6 e5 19.Na4 exd4 20.Bxd4 Qe7 21.Nb6 Rce8 22.Qb7 Ne5 23.Qxe7 Rxe7
24.f3 Rfe8 25.a4 f6 26.a5 Nf7 27.a6 Ba7 28.Rd2 Ng5 29.Kf2 Kf8 30.Bf1 Ne6
31.Rb2 Nxd4 32.exd4 Kf7 33.Ra3 g5 34.g4 Bg6 35.Re2 Rxe2+ 36.Bxe2 Rd8 37.Bd1 Rb8
38.Ba4 Bxb6 39.cxb6 Rxb6 40.Bb5  1-0

[Event "Rector Cup 2011"]
[Site "Kharkov UKR"]
[Date "2011.02.14"]
[Round "1"]
[White "Ipatov,A ESP"]
[Black "Yilmaz,M"]
[Result "1/2-1/2"]
[WhiteElo "2512"]
[BlackElo "2477"]

1.d4 d5 2.c4 c6 3.Nf3 Nf6 4.Nbd2 g6 5.e3 Bg7 6.Be2 O-O 7.O-O e6 8.b3 b6 9.Bb2 Nbd7
10.Rc1 Bb7 11.Rc2 Ne4 12.Nxe4 dxe4 13.Ne5 Nxe5 14.dxe5 Qc7 15.Rd2 Rfd8 16.Rd6 Bf8
17.Qd4 c5 18.Qc3 Rd7 19.h4 Rad8 20.Rfd1 Bc6 21.g4 Bg7 22.Kg2 Qxd6 23.Rxd6 Rxd6
24.Qc1 Rd2 25.Kf1 Bf8 26.a4 Be7 27.h5 gxh5 28.gxh5 a5 29.Bc3 R2d7 30.Kg2 Kh8
31.Qh1 h6 32.Kf1 Bg5 33.Kg2 Kg8 34.Qe1 Kf8 35.Kf1 Ke8 36.Qb1 Bb7 37.Ke1 Bh4
38.Kf1 Ke7 39.Be1 Bc6 40.f4 Bxe1 41.Qxe1 Rd2 42.Qh4+ Ke8 43.Qf6 Rb2 44.f5 Rdd2
45.fxe6 fxe6 46.Qxe6+ Kd8 47.Qxc6 Rxe2 48.Qxb6+ Kc8 49.Qxc5+ Kb8 50.Qd6+ Kc8
51.Qc6+ Kb8 52.Qd6+ Kc8 53.Qf8+ Kc7 54.Qf7+ Kb8 55.Qg8+ Kc7 56.Qg7+ Kd8 57.Qf6+ Kc8
58.Qf5+ Kc7 59.Qf7+ Kc8 60.Qf8+ Kc7 61.Qg7+ Kd8 62.Qf6+ Kc8 63.Qf5+ Kc7 64.e6 Red2
65.Qxa5+ Kc8 66.Ke1 Rg2 67.Qc5+ Kb8 68.Qe5+ Kc8 69.Qc5+ Kb8 70.Qf8+ Kc7 71.Qf4+ Kc8
72.Qf8+ Kc7 73.Kf1 Rgd2 74.Qc5+ Kb8 75.Qf8+ Kc7 76.Qg7+ Kc8 77.Qh8+ Kc7 78.Qg7+ Kc8
79.Ke1 Re2+ 80.Kd1 Red2+ 81.Kc1 Rdc2+ 82.Kd1 Rd2+ 83.Ke1 Re2+ 84.Kf1 Red2
85.Qf8+ Kc7 86.Qc5+ Kb8 87.Qb5+ Kc8 88.Qc5+ Kb8  1/2-1/2

[Event "ch-ROU Men"]
[Site "Sarata Monteoru ROU"]
[Date "2011.02.14"]
[Round "4.7"]
[White "Hajbok,R"]
[Black "Ardelean,Ge"]
[Result "1/2-1/2"]
[WhiteElo "2264"]
[BlackElo "2506"]

1.Nf3 d5 2.d4 c6 3.c4 dxc4 4.a4 Nf6 5.Nc3 Bf5 6.e3 e6 7.Bxc4 Bb4 8.O-O O-O
9.Qe2 Nbd7 10.Rd1 Qc7 11.e4 Bg4 12.e5 Nd5 13.Nxd5 cxd5 14.Bd3 Be7 15.Bf4 Rfc8
16.h3 Bxf3 17.Qxf3 Qd8 18.Bd2 Nb8 19.Bb1 Nc6 20.Qd3 g6  1/2-1/2

[Event "ch-ROU Men"]
[Site "Sarata Monteoru ROU"]
[Date "2011.02.14"]
[Round "4.28"]
[White "Stanciu,Al"]
[Black "Spirea,Mihai"]
[Result "1-0"]
[WhiteElo "2297"]
[BlackElo "1923"]

1.d4 d5 2.c4 c6 3.Nf3 Nf6 4.Qc2 dxc4 5.Qxc4 Bf5 6.g3 e6 7.Bg2 Bd6 8.O-O Nbd7
9.Nc3 O-O 10.Nh4 Bg4 11.e4 e5 12.d5 Rc8 13.Qd3 Bc5 14.h3 Bh5 15.Be3 Bxe3
16.Qxe3 Qb6 17.Qd2 cxd5 18.exd5 Rfe8 19.Rae1  1-0

[Event "ch-POL"]
[Site "Warsaw POL"]
[Date "2011.02.15"]
[Round "4"]
[White "Markowski,T"]
[Black "Wojtaszek,R"]
[Result "1/2-1/2"]
[WhiteElo "2625"]
[BlackElo "2726"]

1.Nf3 Nf6 2.c4 c6 3.d4 d5 4.Qb3 dxc4 5.Qxc4 Bf5 6.g3 e6 7.Bg2 Be7 8.O-O Nbd7
9.e3 O-O 10.Rd1 Qc7 11.Nc3 Nd5 12.Qe2 Nxc3 13.bxc3 Be4 14.c4 Rfd8 15.Bb2 c5
16.Rac1 Bf6 17.Ne1 Bxg2 18.Nxg2 cxd4 19.exd4 Rac8 20.Ne3 Qa5 21.Rd3 Qc7 22.Rdd1 Qa5
23.Rd3 Qc7 24.Rdd1 Qa5 25.Rd3  1/2-1/2

[Event "ch-St Petersburg Women"]
[Site "St Petersburg RUS"]
[Date "2011.02.17"]
[Round "7"]
[White "Kiseleva,A"]
[Black "Gudkina,Zhanna"]
[Result "1/2-1/2"]
[WhiteElo "1864"]
[BlackElo "1766"]

1.d4 d5 2.c4 c6 3.Nf3 Nf6 4.Qc2 e6 5.Bg5 Be7 6.e3 Nbd7 7.Nbd2 b6 8.cxd5 cxd5
9.Bf4 Bb7 10.Rc1 O-O 11.Bd3 Bb4 12.a3 Rc8 13.Qb1 Bxd2+ 14.Nxd2 Qe7 15.O-O h6
16.h3 Rfd8 17.Rxc8 Rxc8 18.Rc1 Qd8 19.Rxc8 Qxc8 20.Qc2 Qxc2 21.Bxc2 Bc6 22.Bd3 Kf8
23.Bd6+ Ke8 24.f3 Kd8 25.Kf2 Ne8 26.Bh2 Ke7 27.e4 Nd6 28.Bxd6+ Kxd6 29.e5+ Ke7
30.f4 f5 31.g4 g6 32.Kg3 Kf7 33.h4 h5 34.gxh5 gxh5 35.Nf3 Nf8 36.Ng5+ Kg6
37.Kf2 Bd7 38.Ke2 Kg7 39.Kf2 Kg6 40.Be2 Bc6 41.Ke3 b5 42.b4 a6 43.Kd2 Bd7
44.Ke3 Bc6 45.Kf2 Bd7 46.Kg3 Bc6 47.Nf3 Bd7 48.Nd2 Bc8  1/2-1/2

[Event "6th Volodymyr Bilinsky Memorial"]
[Site "Lviv UKR"]
[Date "2011.02.18"]
[Round "3.1"]
[White "Buturin,V"]
[Black "Alexanian,N"]
[Result "1-0"]
[WhiteElo "2311"]
[BlackElo "2141"]

1.Nf3 d5 2.d4 c6 3.c4 Nf6 4.Qc2 e6 5.g3 Nbd7 6.Bg2 Bd6 7.O-O O-O 8.Nbd2 e5
9.cxd5 Nxd5 10.Nc4 Qe7 11.Nxd6 Qxd6 12.Rd1 exd4 13.Rxd4 f5 14.b3 N7f6 15.Bb2 Qe7
16.Rad1 Ne4 17.Nd2 Nxd2 18.Bxd5+ cxd5 19.Qxd2 Be6 20.Qe3 Rfe8 21.R4d2 Rac8
22.Rc1 Rxc1+ 23.Bxc1 Qb4 24.Bb2 Qe4 25.Qc3 Re7 26.Qc5 Rd7 27.Bd4 f4 28.f3 Qg6
29.Qc8+ Kf7 30.Bc5 Qf5 31.g4 Qe5  1-0

[Event "6th Volodymyr Bilinsky Memorial"]
[Site "Lviv UKR"]
[Date "2011.02.18"]
[Round "3.3"]
[White "Francuzov,A"]
[Black "Zelinsky,A"]
[Result "0-1"]
[WhiteElo "2034"]
[BlackElo "2094"]

1.d4 Nf6 2.Nf3 d5 3.c4 c6 4.g3 dxc4 5.Bg2 b5 6.Ne5 Bb7 7.Nc3 Qc8 8.O-O Nbd7
9.b3 b4 10.Nxd7 Nxd7 11.Ne4 c3 12.a3 a5 13.Bf4 h6 14.h4 g6 15.Qd3 Bg7 16.Qe3 Kf8
17.axb4 axb4 18.Nc5 Nxc5 19.dxc5 f6 20.Qe4 g5 21.Be3 Kf7 22.Qxb4 Rxa1 23.Rxa1 Ba6
24.Kf1 Rd8 25.Qe4 gxh4 26.gxh4 Rd5 27.Rc1 f5 28.Qb1 f4 29.Bxd5+ cxd5 30.Bxf4 d4
31.Qc2 Bb7  0-1

[Event "TCh-CAT Div Hon"]
[Site "Barcelona ESP"]
[Date "2011.02.19"]
[Round "4"]
[White "Lafuente,P"]
[Black "Pablo Marin,A"]
[Result "1-0"]
[WhiteElo "2561"]
[BlackElo "2400"]

1.d4 d5 2.Nf3 Nf6 3.c4 c6 4.Qc2 g6 5.Bf4 Bg7 6.e3 O-O 7.Nc3 Qa5 8.Nd2 Bf5
9.Qd1 Nbd7 10.Be2 Qb4 11.Qb3 Qxb3 12.axb3 Rfe8 13.O-O e5 14.Bg5 exd4 15.exd4 Nb6
16.Rfe1 a6 17.h3 Be6 18.Rad1 Rac8 19.Bf4 Nbd7 20.c5 h5 21.Bd3 Nh7 22.Nf3 Bf6
23.Re2 Kg7 24.Ra1 Ra8 25.b4 Rac8 26.Nb1 Ra8 27.Nbd2 Ndf8 28.Nb3 Red8 29.Na5 Rd7
30.Ne5 Bxe5 31.Rxe5 Rc8 32.Re2 Kg8 33.f3 Kg7 34.g4 hxg4 35.hxg4 Nf6 36.Be5 Nh7  1-0

[Event "Frauenbundesliga 1st Div 2010-11"]
[Site "Germany GER"]
[Date "2011.02.19"]
[Round "8.4"]
[White "Sharevich,A"]
[Black "Janotta,S"]
[Result "1-0"]
[WhiteElo "2332"]
[BlackElo "2054"]

1.d4 d5 2.c4 c6 3.Nf3 Nf6 4.Qc2 Bg4 5.Ne5 Bh5 6.Bf4 e6 7.Qb3 Qb6 8.c5 Qxb3
9.axb3 Nfd7 10.g4 Bg6 11.Nxg6 hxg6 12.e3 e5 13.Bg3 Be7 14.Nd2 O-O 15.b4 exd4
16.exd4 Bf6 17.Nf3 Re8+ 18.Kd2 Re4 19.Bd3 Re8 20.g5 Be7 21.Rhe1 Kf8 22.Re2 a5
23.bxa5 Na6 24.Kc3 Rac8 25.Rae1 Nc7 26.Rxe7 Rxe7 27.Bd6 Ne6 28.Bxg6 Re8 29.Bf5 Kg8
30.Bxe7 Rxe7 31.g6 Nf6 32.gxf7+ Kxf7 33.Bxe6+ Rxe6 34.Ng5+  1-0

[Event "TCh-HUN 2010-11"]
[Site "Decs HUN"]
[Date "2011.02.20"]
[Round "6"]
[White "Galyas,M"]
[Black "Taskovits,I"]
[Result "1/2-1/2"]
[WhiteElo "2484"]
[BlackElo "2291"]

1.d4 d5 2.c4 c6 3.Nf3 Nf6 4.Nbd2 Bf5 5.Nh4 Be6 6.e3 g6 7.Be2 Bg7 8.O-O O-O
9.b4 dxc4 10.Nxc4 Nbd7 11.Nf3 Nb6 12.Nfe5 Nfd7 13.Bb2 Nxe5 14.Nxe5 Bxe5 15.dxe5 Bc4
16.Bd4 Qd5 17.f4 e6 18.Rf3 Rfd8 19.Rh3 Bxe2 20.Qxe2 Qe4 21.Qf2 Nd7 22.Rf1 a5
23.Qh4 Nf8 24.bxa5 Rd5 25.Bb6 Rd2 26.Rg3 c5 27.Bxc5 Rxa5 28.Qe7 Ra8 29.a3 Nd7
30.Bb4 Rd3 31.h3 Rc8 32.Kh2 Rc2 33.f5 exf5 34.e6 Qxe6 35.Qd8+ Kg7 36.Bf8+ Nxf8
37.Qxd3 Rc5 38.Qd4+ Qe5 39.Rb1 b5 40.Rb3 Ne6 41.Qxe5+ Rxe5 42.Rf3 Ng5 43.Rf1 Ne4
44.Rd1 Kf6 45.Rd4 Ke6 46.Rd8 Nd6 47.Rd3 Rd5 48.Rxd5 Kxd5 49.Kg3 Ke5 50.Kf3 h5
51.h4 Nc4 52.Ra8 Kd5 53.Kf4 Kc5 54.Ra6 Kd5 55.g3 Kc5 56.e4 fxe4 57.Kxe4 Nd6+
58.Kf4 f6 59.Ra8 Nc4 60.Ra6 Nd6 61.Ra7 Nc4 62.Re7 Kd5 63.Rd7+ Kc5 64.Rd3 Nd6
65.g4 hxg4 66.Kxg4 Nc4 67.Kf4 g5+ 68.hxg5 fxg5+ 69.Kxg5 b4 70.axb4+ Kxb4
71.Kf4 Kc5 72.Rd1 Nd6 73.Ke3 Nc4+ 74.Ke4 Nd6+ 75.Ke5 Nc4+ 76.Ke6 Ne3 77.Rh1 Kd4
78.Rh8 Ke4 79.Rh5 Kd4 80.Rh4+ Kd3 81.Ke5 Nc4+ 82.Rxc4  1/2-1/2